| 000 | 00404nam a2200133 i 4500 | ||
|---|---|---|---|
| 001 | 50448 | ||
| 003 | ES-MaACL | ||
| 007 | t| | ||
| 008 | 030804s1983 sp ||||1| spa d | ||
| 245 | 0 | 0 | _aCultura en la tercera edad. |
| 260 |
_a[Madrid] : _bMinisterio de Cultura, Dirección General de Juventud y Promoción Sociocultural, _c[1983] |
||
| 300 |
_a117 p. ; _c30 cm. |
||
| 852 |
_aES-MaACL _jL-4518 _bR.105348 |
||
| 999 |
_c50448 _d50448 |
||